[Event "HUN-chT2 Breyer 0405"]
[Site "Hungary"]
[Date "2005.04.10"]
[Round "10"]
[White "Pirisi, Gabor"]
[Black "Bartos, Imre"]
[Result "1-0"]
[WhiteElo "2295"]
[BlackElo "2087"]
[PlyCount "95"]
[EventDate "2004.09.26"]
[EventType "team-tourn"]
[EventRounds "11"]
[EventCountry "HUN"]
[SourceTitle "EXT 2009"]
[Source "ChessBase"]
[SourceDate "2008.11.26"]
[SourceVersion "1"]
[SourceVersionDate "2008.11.26"]
[SourceQuality "1"]
[WhiteTeam "Honved II"]
[BlackTeam "Husi II"]
[WhiteTeamCountry "HUN"]
[BlackTeamCountry "HUN"]

1. e4 c5 2. f4 Nc6 3. Nf3 e6 4. Bb5 Qb6 5. Qe2 a6 6. Ba4 Qc7 7. Bxc6 bxc6 8. d3 Ne7 9. 0-0 d5 10. c4 d4 11. e5 f5 12. Ng5 h6 13. Nh3 Bd7 14. Nf2 Kd8 15. Nd1 Be8 16. b3 Ng8 17. Nb2 Qf7 18. Na4 Qh5 19. Qxh5 Bxh5 20. Kf2 Be7 21. Ba3 g5 22. Bxc5 gxf4 23. Bxd4 Bh4+ 24. g3 fxg3+ 25. hxg3 Bg5 26. Be3 Be7 27. Nd2 Bg4 28. Nf3 Bxf3 29. Kxf3 h5 30. Rh1 h4 31. gxh4 Rxh4 32. Rxh4 Bxh4 33. Rh1 Be7 34. Rh8 Kc7 35. Bc5 Bxc5 36. Nxc5 Re8 37. Kf4 a5 38. Nxe6+ Rxe6 39. Rxg8 Rh6 40. Kxf5 Rh2 41. Rg7+ Kd8 42. d4 Rd2 43. Ke4 Re2+ 44. Kd3 Rxa2 45. d5 Ra3 46. d6 Rxb3+ 47. Kd4 Rb1 48. e6 1-0

[Event "HUN-chT2 Breyer 0405"]
[Site "Hungary"]
[Date "2005.01.23"]
[Round "6"]
[White "Bartos, Imre"]
[Black "Szegi, Tamas"]
[Result "1/2-1/2"]
[WhiteElo "2087"]
[BlackElo "2230"]
[PlyCount "28"]
[EventDate "2004.09.26"]
[EventType "team-tourn"]
[EventRounds "11"]
[EventCountry "HUN"]
[SourceTitle "EXT 2009"]
[Source "ChessBase"]
[SourceDate "2008.11.26"]
[SourceVersion "1"]
[SourceVersionDate "2008.11.26"]
[SourceQuality "1"]
[WhiteTeam "Husi II"]
[BlackTeam "Zoltek"]
[WhiteTeamCountry "HUN"]
[BlackTeamCountry "HUN"]

1. e4 c5 2. Nf3 e6 3. d4 cxd4 4. Nxd4 Nf6 5. Nc3 d6 6. g3 a6 7. Bg2 Be7 8. 0-0 0-0 9. a4 Qc7 10. a5 Nc6 11. Nb3 Ne5 12. Qe2 Bd7 13. Rd1 Nc4 14. Bf1 Rac8 1/2-1/2

[Event "HUN-chT2 Breyer 0405"]
[Site "Hungary"]
[Date "2004.10.10"]
[Round "2"]
[White "Brustkern, Juergen"]
[Black "Bartos, Imre"]
[Result "1/2-1/2"]
[WhiteElo "2277"]
[BlackElo "2087"]
[PlyCount "106"]
[EventDate "2004.09.26"]
[EventType "team-tourn"]
[EventRounds "11"]
[EventCountry "HUN"]
[SourceTitle "EXT 2009"]
[Source "ChessBase"]
[SourceDate "2008.11.26"]
[SourceVersion "1"]
[SourceVersionDate "2008.11.26"]
[SourceQuality "1"]
[WhiteTeam "MAFC"]
[BlackTeam "Husi II"]
[WhiteTeamCountry "HUN"]
[BlackTeamCountry "HUN"]

1. Nf3 Nf6 2. g3 g6 3. b3 d5 4. Bb2 Bg7 5. c4 c6 6. Bg2 0-0 7. 0-0 Re8 8. d3 Bf5 9. Na3 Qd6 10. Rc1 e5 11. cxd5 e4 12. dxe4 Bxe4 13. dxc6 Qxd1 14. Rfxd1 Nxc6 15. Nb5 Red8 16. Nd6 Ne8 17. Bxg7 Rxd6 18. Rxd6 Nxd6 19. Bf6 Ne8 20. Bc3 Rd8 21. e3 Nc7 22. Ne5 Bxg2 23. Kxg2 Nxe5 24. Bxe5 Ne8 25. a4 f6 26. Bd4 a6 27. Bb6 Rd7 28. Rc8 Kf7 29. Rd8 Rxd8 30. Bxd8 Nd6 31. Kf3 Ke6 32. e4 Nf7 33. Bc7 Kd7 34. Bb8 Kc6 35. Kf4 Kc5 36. e5 fxe5+ 37. Bxe5 Nxe5 38. Kxe5 Kb4 39. Kf6 Kxb3 40. Kg7 Kxa4 41. f4 b5 42. g4 b4 43. f5 gxf5 44. gxf5 b3 45. f6 b2 46. f7 b1Q 47. f8Q Qg6+ 48. Kh8 a5 49. h4 Kb3 50. Qf3+ Kb4 51. h5 Qh6 52. Qb7+ Kc5 53. Qxh7 Qf8+ 1/2-1/2

[Event "HUN-chT2 Breyer 0304"]
[Site "Hungary"]
[Date "2004.02.08"]
[Round "7"]
[White "Kulcsar, Miklos"]
[Black "Bartos, Imre"]
[Result "0-1"]
[WhiteElo "2150"]
[BlackElo "2079"]
[PlyCount "80"]
[EventDate "2003.09.28"]
[EventType "team-tourn"]
[EventRounds "11"]
[EventCountry "HUN"]
[SourceTitle "EXT 2009"]
[Source "ChessBase"]
[SourceDate "2008.11.26"]
[SourceVersion "1"]
[SourceVersionDate "2008.11.26"]
[SourceQuality "1"]
[WhiteTeam "Vasutepito"]
[BlackTeam "Husi II"]
[WhiteTeamCountry "HUN"]
[BlackTeamCountry "HUN"]

1. d4 Nf6 2. c4 e6 3. Nc3 d5 4. Bg5 Be7 5. Nf3 0-0 6. e3 Nbd7 7. Rc1 c6 8. Bd3 dxc4 9. Bxc4 Nd5 10. Bxe7 Qxe7 11. 0-0 N5b6 12. Bd3 e5 13. Qc2 h6 14. a4 exd4 15. Nxd4 Nf6 16. e4 Rd8 17. Nde2 Be6 18. Nf4 Ng4 19. Nxe6 Qxe6 20. Be2 Nf6 21. b3 Qe5 22. f4 Qc5+ 23. Kh1 Qb4 24. Bf3 Rd4 25. Rcd1 Rad8 26. Rxd4 Rxd4 27. g3 Nfd7 28. Na2 Qd2 29. Rc1 Qe3 30. Bg2 Rd2 31. Qc3 Qf2 32. Rg1 Rxa2 33. a5 Nc8 34. Qb4 b6 35. e5 Nc5 36. Qc3 Ne7 37. b4 Nd5 38. Qc4 Ne3 39. Qd4 Rd2 40. Qc3 Nxg2 0-1

[Event "HUN-chT2 Charousek 0304"]
[Site "Hungary"]
[Date "2004.01.25"]
[Round "6"]
[White "Bartos, Imre"]
[Black "Szobi, Geza Sr"]
[Result "0-1"]
[WhiteElo "2079"]
[BlackElo "2018"]
[PlyCount "106"]
[EventDate "2003.09.28"]
[EventType "team-tourn"]
[EventRounds "11"]
[EventCountry "HUN"]
[SourceTitle "EXT 2005"]
[Source "ChessBase"]
[SourceDate "2004.11.15"]
[SourceVersion "1"]
[SourceVersionDate "2004.11.15"]
[SourceQuality "1"]

1. e4 c5 2. Nf3 Nc6 3. d4 cxd4 4. Nxd4 g6 5. Nxc6 bxc6 6. Qd4 Qa5+ 7. Bd2 e5 8. Bxa5 exd4 9. Nd2 Nf6 10. f3 d5 11. e5 Nd7 12. 0-0-0 Bh6 13. Bc7 0-0 14. g3 Be3 15. Kb1 a6 16. Nb3 Re8 17. f4 Nf8 18. Bb6 Bg4 19. Re1 Bf3 20. Rxe3 dxe3 21. Rg1 e2 22. Bh3 f5 23. Nd4 Be4 24. Nxe2 Ne6 25. Nd4 Rab8 26. Nxe6 Rxb6 27. Nc5 Kf7 28. Bf1 a5 29. Kc1 Ke7 30. Be2 h5 31. h4 Ra8 32. Rd1 a4 33. Rd4 Ra5 34. Nxa4 Rb7 35. b3 c5 36. Rd2 d4 37. Rd1 Bc6 38. Nb2 Rxa2 39. Nc4 Be4 40. Bd3 Ra1+ 41. Kd2 Rxd1+ 42. Kxd1 Bxd3 43. cxd3 Rxb3 44. Kc2 Rb8 45. Nd2 Ke6 46. Nc4 Ra8 47. Kb2 g5 48. hxg5 h4 49. Nd2 hxg3 50. Nf3 Rh8 51. Kb3 g2 52. g6 Rg8 53. Kc4 Rxg6 0-1

[Event "HUN-chT2 Charousek 0304"]
[Site "Hungary"]
[Date "2003.11.30"]
[Round "4"]
[White "Bartos, Imre"]
[Black "Szittar, Antal"]
[Result "1/2-1/2"]
[WhiteElo "2079"]
[BlackElo "2100"]
[PlyCount "26"]
[EventDate "2003.09.28"]
[EventType "team-tourn"]
[EventRounds "11"]
[EventCountry "HUN"]
[SourceTitle "EXT 2005"]
[Source "ChessBase"]
[SourceDate "2004.11.15"]
[SourceVersion "1"]
[SourceVersionDate "2004.11.15"]
[SourceQuality "1"]

1. e4 e6 2. d4 d5 3. Nc3 dxe4 4. Nxe4 Nd7 5. Nf3 Ngf6 6. Bg5 Be7 7. Bxf6 Nxf6 8. Nxf6+ gxf6 9. Qd3 Qd5 10. Qc4 Qxc4 11. Bxc4 c6 12. 0-0-0 b5 13. Bd3 Bb7 1/2-1/2

[Event "HUN-chT2 Maroczy 0203"]
[Site "Hungary"]
[Date "2003.03.23"]
[Round "9.11"]
[White "Bartos, Imre"]
[Black "Karkus, Anna"]
[Result "1-0"]
[WhiteElo "2034"]
[BlackElo "2056"]
[PlyCount "59"]
[EventDate "2002.09.22"]
[EventType "team-tourn"]
[EventRounds "11"]
[EventCountry "HUN"]
[SourceTitle "EXT 2004"]
[Source "ChessBase"]
[SourceDate "2003.11.25"]
[SourceVersion "1"]
[SourceVersionDate "2003.11.25"]
[SourceQuality "1"]
[WhiteTeam "Foti"]
[BlackTeam "Husi"]
[WhiteTeamCountry "HUN"]
[BlackTeamCountry "HUN"]

1. e4 e6 2. d4 d5 3. Nc3 dxe4 4. Nxe4 Bd7 5. Nf3 Bc6 6. Bd3 Nd7 7. 0-0 Ngf6 8. Ng3 Bxf3 9. Qxf3 c5 10. Re1 Qa5 11. Bf4 cxd4 12. Qxb7 Qd5 13. Ba6 Nb6 14. Bc7 Be7 15. Re5 Qxb7 16. Bxb7 Nfd7 17. Re2 0-0 18. Bxa8 Nxa8 19. Bf4 Rc8 20. Rd1 Bc5 21. Ne4 Bb6 22. Nd6 Rc5 23. b4 Rc6 24. Nb5 Rc4 25. a3 h6 26. Bg3 a6 27. Nd6 Rc6 28. h3 e5 29. Nf5 Re6 30. c3 1-0

[Event "HUN-chT2 Maroczy 0203"]
[Site "Hungary"]
[Date "2002.11.24"]
[Round "3.11"]
[White "Marodi, Matyas"]
[Black "Bartos, Imre"]
[Result "1/2-1/2"]
[WhiteElo "2051"]
[BlackElo "2034"]
[PlyCount "69"]
[EventDate "2002.09.22"]
[EventType "team-tourn"]
[EventRounds "11"]
[EventCountry "HUN"]
[SourceTitle "EXT 2004"]
[Source "ChessBase"]
[SourceDate "2003.11.25"]
[SourceVersion "1"]
[SourceVersionDate "2003.11.25"]
[SourceQuality "1"]
[WhiteTeam "Dunaharaszti"]
[BlackTeam "Foti"]
[WhiteTeamCountry "HUN"]
[BlackTeamCountry "HUN"]

1. d4 Nf6 2. c4 e6 3. Nf3 b6 4. g3 Bb7 5. Bg2 c5 6. 0-0 cxd4 7. Nxd4 Bxg2 8. Kxg2 Nc6 9. Nxc6 dxc6 10. Nc3 Qc7 11. Qc2 Be7 12. Ne4 0-0 13. Bf4 e5 14. Bg5 Nxe4 15. Bxe7 Qxe7 16. Qxe4 Qc5 17. b3 Rad8 18. Rfd1 g6 19. Qh4 Rd6 20. Qe7 Rxd1 21. Qxc5 Rxa1 22. Qa3 a5 23. Qb2 Rd1 24. Qxe5 Rd2 25. a4 c5 26. Qc7 Rxe2 27. Qxb6 Rb2 28. Qxa5 Rxb3 29. Qxc5 Rb2 30. a5 Ra2 31. Qd5 Rc8 32. Qd7 Rxc4 33. Qe8+ Kg7 34. Qe5+ Kg8 35. Qe8+ 1/2-1/2

[Event "HUN-chT2 Maroczy 0203"]
[Site "Hungary"]
[Date "2002.10.13"]
[Round "2.11"]
[White "Bartos, Imre"]
[Black "Restas, Peter"]
[Result "1-0"]
[WhiteElo "2034"]
[BlackElo "2194"]
[PlyCount "85"]
[EventDate "2002.09.22"]
[EventType "team-tourn"]
[EventRounds "11"]
[EventCountry "HUN"]
[SourceTitle "EXT 2004"]
[Source "ChessBase"]
[SourceDate "2003.11.25"]
[SourceVersion "1"]
[SourceVersionDate "2003.11.25"]
[SourceQuality "1"]
[WhiteTeam "Foti"]
[BlackTeam "Mako"]
[WhiteTeamCountry "HUN"]
[BlackTeamCountry "HUN"]

1. e4 c5 2. Nf3 d6 3. Bb5+ Bd7 4. Bxd7+ Qxd7 5. 0-0 Nc6 6. c3 Nf6 7. Re1 e6 8. d4 cxd4 9. cxd4 d5 10. e5 Ne4 11. Nbd2 Nxd2 12. Bxd2 Be7 13. a3 0-0 14. Qe2 Rfb8 15. Qd3 h6 16. h3 a5 17. Nh2 a4 18. Re3 Bg5 19. Rg3 Bxd2 20. Qxd2 Kh7 21. Ng4 Qe7 22. Qd3+ Kh8 23. Rd1 Ra6 24. Qe3 Qg5 25. Qf3 Qf5 26. Qc3 Rb6 27. Rdd3 Rb3 28. Qd2 Rxd3 29. Rxd3 Na5 30. Rf3 Qb1+ 31. Kh2 Nc4 32. Qf4 Qg6 33. b4 h5 34. Ne3 Nd2 35. Rg3 Qh6 36. Qxf7 Ne4 37. Rg6 Qh7 38. Rxe6 Ng5 39. Re8+ Rxe8 40. Qxe8+ Qg8 41. Qxh5+ Nh7 42. Qg6 Qf8 43. Nf5 1-0

[Event "Szombathely Savaria op 2nd"]
[Site "Szombathely"]
[Date "2002.08.01"]
[Round "9"]
[White "Bartos, Imre"]
[Black "Valis, Janos"]
[Result "1-0"]
[WhiteElo "2034"]
[BlackElo "2170"]
[PlyCount "87"]
[EventDate "2002.07.26"]
[EventType "swiss"]
[EventRounds "9"]
[EventCountry "HUN"]
[SourceTitle "CBM 089 Extra"]
[Source "ChessBase"]
[SourceDate "2002.09.10"]
[SourceVersion "2"]
[SourceVersionDate "2002.09.10"]
[SourceQuality "1"]

1. e4 g6 2. d4 d6 3. Nc3 Nf6 4. f3 c6 5. Be3 Nbd7 6. Qd2 b5 7. d5 c5 8. Bxb5 h5 9. Nge2 Bg7 10. 0-0 Rb8 11. Rab1 Kf8 12. Bxd7 Nxd7 13. f4 Nf6 14. h3 h4 15. Bf2 Ba6 16. Qe1 Rb4 17. a3 Rc4 18. b3 Rxe4 19. Nxe4 Nxe4 20. c4 e6 21. Qd1 exd5 22. Qxd5 f5 23. Be1 Qd7 24. Qd3 Bb7 25. Bc3 Qc6 26. Bxg7+ Kxg7 27. Nc3 Re8 28. Nd5 Qa6 29. Ra1 Bc6 30. b4 Bxd5 31. Qxd5 cxb4 32. axb4 Qb6+ 33. Kh2 Re7 34. b5 Qe3 35. Rf3 Qe2 36. Qd3 Qb2 37. Rb1 Qf6 38. Rd1 g5 39. Qd4 g4 40. hxg4 fxg4 41. Re3 g3+ 42. Kg1 h3 43. gxh3 Re5 44. Rxe4 1-0

[Event "Szombathely Savaria op 2nd"]
[Site "Szombathely"]
[Date "2002.07.30"]
[Round "7"]
[White "Bartos, Imre"]
[Black "Radojevic, Zoran"]
[Result "1/2-1/2"]
[WhiteElo "2034"]
[BlackElo "2195"]
[PlyCount "180"]
[EventDate "2002.07.26"]
[EventType "swiss"]
[EventRounds "9"]
[EventCountry "HUN"]
[SourceTitle "CBM 089 Extra"]
[Source "ChessBase"]
[SourceDate "2002.09.10"]
[SourceVersion "2"]
[SourceVersionDate "2002.09.10"]
[SourceQuality "1"]

1. e4 e5 2. Nf3 Nf6 3. Nxe5 d6 4. Nf3 Nxe4 5. d4 d5 6. Bd3 Be7 7. 0-0 0-0 8. Re1 Bf5 9. c4 c6 10. Nc3 Nxc3 11. bxc3 Bxd3 12. Qxd3 dxc4 13. Qxc4 Nd7 14. Qb3 b6 15. Bf4 Bf6 16. Rad1 Qc8 17. Nd2 Re8 18. Ne4 Be7 19. Re3 Nf6 20. Rde1 Nxe4 21. Rxe4 Qd7 22. Be5 Bf8 23. h3 Rad8 24. Qc2 b5 25. Qe2 Re6 26. Bg3 Rde8 27. Qf3 Qd5 28. Rxe6 Rxe6 29. Rxe6 Qxe6 30. Kh2 a5 31. Be5 a4 32. Bf4 h6 33. Qg4 Qxa2 34. Bxh6 Qc2 35. f4 a3 36. f5 Bd6+ 37. Kg1 Qb1+ 38. Kf2 g6 39. fxg6 Qxg6 40. Qxg6+ fxg6 41. Bc1 a2 42. Bb2 Kf7 43. Ke3 Ke6 44. Ke4 Ba3 45. Ba1 Bc1 46. Kd3 Kd5 47. Kc2 Be3 48. Kb3 Bd2 49. Kxa2 Kc4 50. h4 Be1 51. g4 Bxh4 52. Kb2 Be1 53. Kc2 Bf2 54. Bb2 Be3 55. Ba3 Bf2 56. Bc5 Bg3 57. Be7 Bf2 58. Bc5 Be3 59. Be7 Bh6 60. Bc5 Bg7 61. Be7 Bh8 62. Bb4 Bf6 63. Kd2 Bxd4 64. Ba5 Bf6 65. Kc2 c5 66. Kd2 b4 67. cxb4 cxb4 68. Kc2 b3+ 69. Kb1 Bc3 70. Bc7 Kd4 71. Bb6+ Ke4 72. g5 Be5 73. Bd8 Kf5 74. Be7 Bf4 75. Kb2 Bxg5 76. Bc5 Bf6+ 77. Kxb3 g5 78. Kc2 Ke4 79. Kd1 g4 80. Ke2 Bh4 81. Kf1 Kf3 82. Bd6 Bf2 83. Bc7 Be3 84. Bd6 Bf4 85. Bxf4 Kxf4 86. Kf2 g3+ 87. Kg2 Kg4 88. Kg1 Kf3 89. Kf1 g2+ 90. Kg1 Kg3 1/2-1/2

[Event "Szombathely Savaria op 2nd"]
[Site "Szombathely"]
[Date "2002.07.27"]
[Round "3"]
[White "Bartos, Imre"]
[Black "Gross, Georg"]
[Result "0-1"]
[WhiteElo "2034"]
[BlackElo "2321"]
[PlyCount "70"]
[EventDate "2002.07.26"]
[EventType "swiss"]
[EventRounds "9"]
[EventCountry "HUN"]
[SourceTitle "CBM 089 Extra"]
[Source "ChessBase"]
[SourceDate "2002.09.10"]
[SourceVersion "2"]
[SourceVersionDate "2002.09.10"]
[SourceQuality "1"]

1. e4 Nc6 2. Nf3 f5 3. exf5 d5 4. Bb5 Bxf5 5. Ne5 a6 6. Bxc6+ bxc6 7. d4 e6 8. Nxc6 Qh4 9. Nc3 Bd6 10. Be3 Nf6 11. Qd2 Ne4 12. Nxe4 Qxe4 13. 0-0-0 Kd7 14. f3 Qxc2+ 15. Qxc2 Bxc2 16. Kxc2 Kxc6 17. Bf2 Rab8 18. Rde1 Kd7 19. Bg3 Rb4 20. Kc3 Rc4+ 21. Kd3 Ra4 22. a3 Rb8 23. Bxd6 cxd6 24. Re2 Rc4 25. b4 a5 26. Rb1 axb4 27. Ra2 Ra8 28. Rb3 Ra4 29. Ke3 h5 30. h4 Ke7 31. g4 Kf6 32. gxh5 e5 33. Rd3 Rxd4 34. Rxd4 exd4+ 35. Kd3 Rxa3+ 0-1